|
|
|
|
| LEADER |
01067nam a22002657a 4500 |
| 001 |
38123 |
| 003 |
BD-DhAAL |
| 008 |
220324t2010 ii ||||| |||| 00| 0 ben d |
| 999 |
|
|
|c 43876
|d 43876
|
| 020 |
|
|
|a 9788177569247
|
| 040 |
|
|
|a BD-DhAAL
|
| 041 |
|
|
|a ben
|
| 082 |
|
|
|a 201.65
|2 23
|
| 100 |
|
|
|a ভৌমিক, মণি
|9 47381
|
| 245 |
|
|
|a বিজ্ঞানে ঈশ্বরের সংকেত /
|c মণি ভৌমিক
|
| 246 |
|
|
|a Code name God :
|b the spiritual odyssey of a man of science
|
| 260 |
|
|
|a কলকাতা :
|b আনন্দ,
|c ২০১০.
|
| 300 |
|
|
|a ২২৩ পৃষ্ঠা ;
|c ২২ সে.মি.
|
| 541 |
|
|
|a Donated By Akbar Ali Khan
|e 38123
|
| 600 |
|
|
|a Bhaumik, Mani.
|9 47382
|
| 650 |
|
|
|a Religion and science.
|9 47383
|
| 650 |
|
|
|a Spiritual biography.
|9 47384
|
| 852 |
|
|
|a Ayesha Abed Library
|c Akbar Ali Khan Collection
|
| 942 |
|
|
|2 ddc
|c BK
|
| 952 |
|
|
|0 0
|1 0
|2 ddc
|4 0
|6 201_650000000000000_BHA
|7 1
|9 70269
|a BRACUL
|b BRACUL
|c CS1
|d 2022-03-24
|e Donated by Akbar Ali Khan
|l 0
|o 201.65 BHA
|p 3010038123
|r 2022-03-24
|t 1
|w 2022-03-24
|y BK
|